UBT Library

MEKANIKA 1 (Record no. 60623)

000 -LEADER
fixed length control field 00322nam a22001457a 4500
008 - FIXED-LENGTH DATA ELEMENTS--GENERAL INFORMATION
fixed length control field 240412b ||||| |||| 00| 0 eng d
020 ## - INTERNATIONAL STANDARD BOOK NUMBER
International Standard Book Number 9789951550758
041 ## - LANGUAGE CODE
Language code of text/sound track or separate title SHQIP
080 ## - UNIVERSAL DECIMAL CLASSIFICATION NUMBER
Edition identifier 2023
Universal Decimal Classification number 72
082 ## - DEWEY DECIMAL CLASSIFICATION NUMBER
Classification number 72MOR
100 ## - Rafti
Rafti 20
101 ## - Shkurtesa
Shkurtesa NDERTIMTARI
245 ## - TITLE STATEMENT
Title MEKANIKA 1
Statement of responsibility, etc MORINA .R.NASER
942 ## - ADDED ENTRY ELEMENTS (KOHA)
Source of classification or shelving scheme
Item type Books
Holdings
Withdrawn status Lost status Source of classification or shelving scheme Damaged status Not for loan Collection code Permanent location Current location Date acquired Total Checkouts Full call number Barcode Date last seen Price effective from Koha item type
          Koleksioni i përgjithshem UBT - Lipjan UBT - Lipjan 04/12/2024   72MOR 002-800070653 04/12/2024 04/12/2024 Books
          Koleksioni i përgjithshem UBT - Lipjan UBT - Lipjan 04/12/2024   72MOR 002-800070654 04/12/2024 04/12/2024 Books
          Koleksioni i përgjithshem UBT - Lipjan UBT - Lipjan 04/12/2024   72MOR 002-800070655 04/12/2024 04/12/2024 Books
          Koleksioni i përgjithshem UBT - Lipjan UBT - Lipjan 04/12/2024   72MOR 002-800070656 04/12/2024 04/12/2024 Books
            UBT - Lipjan UBT - Lipjan 04/12/2024   72MOR 002-800070657 04/12/2024 04/12/2024 Books
UBT Library © 2015-2024. All rights reserved University Education for Business and Technology